000 00604nam a2200193 i 4500
001 95991
003 ES-MaACL
005 20240202163038.0
007 t|
008 050608s1968 sp ||||1| spa d
100 1 _aMachado, Antonio,
_d1875-1939
_975151
245 1 0 _aAntología poética /
_cAntonio Machado; prólogo y selección: José Hierro.
250 _a[1ª ed.].
260 _aBarcelona :
_bMarte,
_c1968.
300 _aXXI, 23-291 p., 4 h. con 51 lám. ;
_c20 cm.
700 1 _aHierro, José,
_d1922-2002
_963619
852 _aES-MaACL
_jC-34730
_bR.66795
999 _c95991
_d95991